Rozvoj platených a neplatených služieb obyvateľstvu IV. etapa: Koncepcia rozvoja služieb obyvateľstvu : čiastková úloha 904 113 302 04

Saved in:
Bibliographic Details
Main Author: Michalová, Valéria
Other Authors: Kontra, Martin, Harbuláková, Alžbeta, Kerner, Antonín, Kapustová, Mária
Format: Book
Language:Slovak
Published: Bratislava Výskumný ústav sociálneho rozvoja a práce 1990
Series:Výskumné práce 11/90
Subjects:
Tags: Add Tag
No Tags, Be the first to tag this record!

MARC

LEADER 00000nam a2200000 4500
001 c037660
005 20240502071313.5
041 0 |a slo 
044 |a SK 
245 1 0 |a Rozvoj platených a neplatených služieb obyvateľstvu  |b IV. etapa: Koncepcia rozvoja služieb obyvateľstvu : čiastková úloha 904 113 302 04  |c zodpovedný riešiteľ: Valéria Michalová 
264 1 |a Bratislava  |b Výskumný ústav sociálneho rozvoja a práce  |c 1990 
300 |a 207 s. 
490 1 |a Výskumné práce  |v 11/90 
830 0 |a Výskumné práce  |v 11/90 
500 |a Na titulnom liste je uvedený rok vydania 1989 
610 2 0 |a služby 
610 2 0 |a služby obyvateľstvu 
610 2 0 |a služby platené 
610 2 0 |a služby neplatené 
100 1 |a Michalová, Valéria 
700 1 |a Kontra, Martin 
700 1 |a Harbuláková, Alžbeta 
700 1 |a Kerner, Antonín 
700 1 |a Kapustová, Mária